| 000 | 00475nam a2200193Ia 4500 | ||
|---|---|---|---|
| 999 |
_c36897 _d36897 |
||
| 001 | 2848 | ||
| 003 | GE_BSU | ||
| 005 | 20190611145205.0 | ||
| 008 | 181216s2005||||enk|||||||||||||| ||enk|| | ||
| 020 | _a9509402354-x | ||
| 040 | _cGE_BSU | ||
| 080 | _a2(44) B-84 | ||
| 100 |
_aBrankel, Jürgen _92400 |
||
| 245 |
_aAteisimo y Religiosidad / _cJürgen Brankel. |
||
| 264 |
_aViena, _c2005. |
||
| 300 |
_a78 p. _b20см. |
||
| 653 | _aრელიგია | ||
| 942 |
_cBK _2udc |
||